|
|
|
|
| LEADER |
00661nam a22001937a 4500 |
| 020 |
|
|
|a 8126409134
|
| 082 |
|
|
|a M3 (FTr.)
|b ANN/B
|
| 100 |
|
|
|a Anna Sewell
|9 11599
|
| 245 |
|
|
|a Black beauty/
|c byAnna Sewell
|
| 250 |
|
|
|a 2nd
|
| 260 |
|
|
|a Kottayam:
|b D C Books,
|c 2007.
|
| 300 |
|
|
|a 156p.
|
| 650 |
|
|
|a Translation Novel English
|9 11600
|
| 650 |
|
|
|a Literature Malayalam
|v Novel Malayalam
|9 11601
|
| 650 |
|
|
|a Literature
|9 11602
|
| 700 |
|
|
|a Prameela Devi (Tr.)
|9 11603
|
| 942 |
|
|
|c BK
|
| 999 |
|
|
|c 54541
|d 54541
|
| 952 |
|
|
|0 0
|1 0
|4 0
|6 M_3_000000000000000_FTR__ANN_B
|7 0
|9 78383
|a SSUS
|b SSUS
|c STACKS
|d 2015-07-17
|g 60.00
|l 2
|o M3 (FTr.) ANN/B
|p 075931
|r 2017-07-19
|s 2017-07-04
|w 2015-07-17
|y BK
|